Leader xxxxxxxxxx
001 __ PCLIS00051327
005 __ 20170329093656.0008
010 0_ |a978-986-81985-1-7|b平裝|d新台幣300元
042 __ |anbic
100 __ |a20170329d2015 y0chiy50 e
101 0_ |achi
102 __ |atw
105 __ |aa z 000yy
200 1_ |a仰望星空的人|e欣榮圖書館暨玉蘭文化會館開館十週年紀念文集|f高瑞錚著
205 __ |a初版
210 __ |a台北市|c福田文教基金會|d民104
215 0_ |a255面|c彩圖|d21公分
225 __ |a|v
300 __ |a封面副題名:欣榮圖書館暨玉蘭文化會館開館十週年紀念文集
517 1_ |a欣榮圖書館暨玉蘭文化會館開館十週年紀念文集
517 1_ |a欣榮圖書館暨玉蘭文化會館開館10週年紀念文集
681 __ |a855.486|b0018
700 _1 |a高|b瑞錚|4著
702 __ |a|b|4
801 _0 |atw|b靜宜|c20170329|gCCR
|